Zodiac Sign Match-up Quiz Stats

 Plays Quiz Updated Dec 30, 2015

Score 0/12 Timer 03:00
8 Plays Today
% Correct
Leo
70.9%
Aquarius
67.4%
Sagittarius
67.2%
Cancer
65.1%
Capricorn
64.9%
Gemini
64.6%
Aries
62.8%
Pisces
62.4%
Scorpio
62.3%
Taurus
61%
Libra
60.3%
Virgo
59.5%

You're not logged in!

Compare scores with friends on all Sporcle quizzes.
OR
Log In

Show Comments

Extras

Top Quizzes Today


Score Distribution

Your Account Isn't Verified!

In order to create a playlist on Sporcle, you need to verify the email address you used during registration. Go to your Sporcle Settings to finish the process.

Report this User

Report this user for behavior that violates our Community Guidelines.

Details: